000 00474nam a2200181Ia 4500
008 240925s9999 xx 000 0 und d
020 _a201479621
082 _a621.38152 IPA
100 _aIpatova, Ia
245 0 _aInteroduction to Solid-State Electronics
250 _aNA
260 _aBoston:
_bAddison - Wesley
_c,1996.
300 _axviii,758p.
_bNA
_fOriginal
500 _aIncludes Index
600 _aElectronic Engineering
650 _aTechnology
942 _cBK
999 _c5261
_d5261